1828 1690 1082 1012 1016 1366 1715 1680 1098 1161 1100 1867 1229 1783 1078 1423 1296 1892 1041 1497 1356 1344 1490 1571 1699 1812 1507 1161 1362 1431 1480 1347 1968 1154 1143 1066 1513 1571 1436 1591 1876 1934 1081 1117 1040 1885 1402 1297 1472 1378 1101 1115 1857 1617 1830 1427 1611 1086 1457 1136 1752 1017 1253 1523 1766 1340 1346 1480 1142 1494 1305 1677 1282 1608 1968 1235 1765 1873 1568 1743 1297 1200 1539 1845 1778 1654 1259 2000 1093 1280 1351 1781 1769 1134 1049 1671 1960 1989 1553 BCNSPRNW ULIB Ver.6.0+V

เปลี่ยนเป็นภาษาไทย

Change to English
 แสดงรายละเอียดบรรณานุกรม
  กลับหน้าหลัก

Brief Record : Get Marc (ISO 2709) : E-mail record : QR code < ปิดหน้าต่าง
LEADER : 00000nam 2200000uu 4500
001    13399125822
003     ULIB
008    170918s2559||||th 000 0 tha d
020    ^a9786168035139
060    ^aWB100 อ686M
100    ^aอำนาจ ชัยประเสริฐ บัญชา สถิระพจน์ อุปถัมภ์ ศุภสินธุ์ จันทราภา ศรีสวัสดิ์ และวิชัย ประยูรวิวัฒน์
245    ^aMedical Diagnosis and Treatment
250    ^aพิมพ์ครั้งที่ 1
260    ^aกรุงเทพฯ :^bโครงการตำราอายุรศาสตร์ ภาควิชาอายุรศาสตร์ วิทยาลัยแพทยศาสตร์พระมงกุฎเกล้า,^c2559
300    ^a736 หน้า^bภาพประกอบ
650    ^aMedicine
650    ^aอายุรศาสตร์
945    ^p600^l0^i25602
999    ^aกัณชพร จุลอักษร
รายการนี้ยังไม่มีแท็ก
คุณยังไม่ได้ล็อกอิน คุณสามารถมีกิจกรรมร่วมกับเว็บไซต์ได้ แต่ต้องล็อกอินก่อน ::
  ล็อกอิน

รายการสื่อสารสนเทศ

ลำดับที่ ประเภท เลขเรียก/บาร์โค้ด สถานที่ สถานะ
1. วิทยาศาสตร์การแพทย์ และสุขภาพ
วิทยาศาสตร์การแพทย์ และสุขภาพ
สถานะ=หนังสือเก่า
WB100 อ686M ฉ.1 
  Barcode: 25602
ห้องสมุดวิทยาเขตนครสวรรค์
►ส่วนจัดเก็บหนังสือเก่า นว.
บนชั้น
  ขอยืม

รายการใกล้เคียง
    ชื่อเรื่อง [Medical Diagnosis and Treatment]

    ผู้แต่ง [อำนาจ ชัยประเสริฐ บัญชา สถิระพจน์ อุปถัมภ์ ศุภสินธุ์ จันทราภา ศรีสวัสดิ์ และวิชัย ประยูรวิวัฒน์]

    หัวเรื่อง [Medicine]
    หัวเรื่อง [อายุรศาสตร์]

BibComment


ยังไม่เคยถูกคอมเมนท์

คอมเมนท์ทรัพยากรรายการนี้
  คอมเมนท์: Medical Diagnosi..


 Copyright 2026. Bcnsprnw @Library